| 000 | 01058cam a22002535a 4500 | ||
|---|---|---|---|
| 001 | L159388 | ||
| 002 | 5057 | ||
| 008 | 080904s2016 xxke f l 001 0 eng d | ||
| 020 | _a9780955843413 | ||
| 035 | _a(Sirsi) u159388 | ||
| 041 | 0 | _aeng | |
| 050 | 0 | 4 | _a692.2 $2 18 |
| 100 | 1 |
_aPyramus and Thisbe Club _93069 |
|
| 245 | 0 | 4 |
_aThe Party Wall Act explained _ba commentary on the Party Wall etc. Act 1996 |
| 250 | _a3rd ed. | ||
| 260 |
_aLondon _bPyramus and Thisbe Club _c2016 |
||
| 300 | _avi, 185p, 21cm. | ||
| 520 | _aReprints the act in full with interpretation, comment, views and reasoning for each clause. Includes an appendix with suggested letters of appointment of surveyors ,and notices (line of junction notice, party notice structure, acknowledgment of party structure notice, three metre/six metre notice, acknowledgment of three metre/six metre notice). | ||
| 590 | _aKA | ||
| 650 | 2 | 4 | _aPARTY WALL ACT 1996 |
| 651 | 4 |
_aEngland and Wales _y1543- |
|
| 690 | _aPROPERTY-PROPERTY MANAGEMENT-EASEMENTS-PARTY WALL SURVEYING | ||
| 942 | _n0 | ||
| 999 |
_c115856 _d115856 |
||